| 000 | 00472nam a22001577a 4500 | ||
|---|---|---|---|
| 020 | _a9788126542642 | ||
| 040 | _cNUST | ||
| 082 | _a621.4021 MOR | ||
| 100 | _aMoran, Michael J. | ||
| 110 |
_aShapiro, Howard N. Boettener, Daisie D. Bailey, Margret B. _9112016 |
||
| 245 |
_aPrinciples of Engineering Thermodynamics: _bSI Version |
||
| 250 | _a7th Edition | ||
| 260 |
_aNew Dehli: _bJohn Wiley & Sons, _c2014. |
||
| 650 |
_aThermodynamics _9112017 |
||
| 942 |
_2ddc _cBK |
||
| 999 |
_c594599 _d594599 |
||